000 00768nam a2200253 a 4500
008
020 _a0563205458
049 _aMAIN
090 _aDT2520.D53
100 1 _aRoss, Karen.
245 1 0 _aOkavango :
_b jewel of the Kalahari /
_cKaren Ross.
260 _aLondon :
_bBBC Books,
_c1987.
300 _a256 p. :
_bill. (some col.) ;
_c26 cm.
504 _aIncludes bibliographical references: p. 248-250.
500 _aIncludes index.
650 0 _aNatural history
_zOkavango River Watershed.
650 0 _aOkavango River Watershed.
740 _aJewel of the Kalahari.
907 _a.b10030815
_b19-12-06
_c17-04-03
003
005 20230123133149.0
040 _cNUST
942 _cBOOKS
_kDT2520.D53
999 _c143847
_d143847